[Event "Ceske Budejovice op-A"]
[Site "Ceske Budejovice"]
[Date "2022.07.06"]
[Round "6"]
[White "Puncochar, Jiri"]
[Black "Hrbek, Stepan"]
[Result "0-1"]
[WhiteElo "2020"]
[BlackElo "2272"]
[PlyCount "78"]
[EventDate "2022.07.01"]
[EventType "swiss"]
[EventRounds "9"]
[EventCountry "CZE"]
[SourceTitle "CBM 209 Extra"]
[Source "ChessBase"]
[SourceDate "2022.09.30"]
[SourceVersion "1"]
[SourceVersionDate "2022.09.30"]
[SourceQuality "1"]

1. e4 c5 2. Nf3 d6 3. d4 cxd4 4. Nxd4 Nf6 5. Nc3 Nc6 6. Bc4 e6 7. 0-0 a6 8. Nxc6 bxc6 9. Qe2 Be7 10. Rd1 0-0 11. Bf4 d5 12. e5 Nd7 13. Bd3 Nc5 14. Qh5 Nxd3 15. Rxd3 g6 16. Qh6 f5 17. Rg3 Rf7 18. Bg5 Qf8 19. Qxf8+ Bxf8 20. Bf6 Rb8 21. Na4 c5 22. b3 Bd7 23. Nc3 d4 24. Ne2 Rxf6 25. exf6 e5 26. c3 Bb5 27. c4 Bc6 28. Rd3 Kf7 29. Rdd1 Kxf6 30. f3 Bh6 31. h4 e4 32. fxe4 fxe4 33. Rf1+ Ke5 34. Rf7 d3 35. Ng3 Rb7 36. Rff1 e3 37. Rfe1 Kd4 38. Red1 d2 39. Rab1 Kd3 0-1

[Event "Ceske Budejovice op-A"]
[Site "Ceske Budejovice"]
[Date "2022.07.04"]
[Round "4"]
[White "Puncochar, Jiri"]
[Black "Borkovec, Milan"]
[Result "1-0"]
[WhiteElo "2020"]
[BlackElo "2188"]
[PlyCount "65"]
[EventDate "2022.07.01"]
[EventType "swiss"]
[EventRounds "9"]
[EventCountry "CZE"]
[SourceTitle "CBM 209 Extra"]
[Source "ChessBase"]
[SourceDate "2022.09.30"]
[SourceVersion "1"]
[SourceVersionDate "2022.09.30"]
[SourceQuality "1"]

1. e4 e5 2. Nf3 Nc6 3. Bb5 a6 4. Ba4 Nf6 5. 0-0 Be7 6. Re1 b5 7. Bb3 d6 8. c3 0-0 9. h3 Bb7 10. d4 Re8 11. Nbd2 Bf8 12. d5 Na5 13. Bc2 c6 14. dxc6 Bxc6 15. Nf1 h6 16. Ng3 Qc7 17. Nh2 Rad8 18. Ng4 Nxg4 19. Qxg4 Re6 20. Nf5 Kh8 21. Ne3 Nc4 22. Nd5 Qb7 23. Rd1 Rde8 24. a4 Nb6 25. axb5 Bxb5 26. Nxb6 Qxb6 27. Bd3 Be7 28. Be3 Qb7 29. Qe2 Qxe4 30. c4 Bxc4 31. Bxc4 Rg6 32. f3 Qf5 33. Bd3 1-0

[Event "Ceske Budejovice op"]
[Site "Ceske Budejovice"]
[Date "2019.07.07"]
[Round "9"]
[White "Kaspar, Jonas"]
[Black "Puncochar, Jiri"]
[Result "0-1"]
[WhiteElo "1890"]
[BlackElo "2014"]
[PlyCount "110"]
[EventDate "2019.06.29"]
[EventType "swiss"]
[EventRounds "9"]
[EventCountry "CZE"]
[SourceTitle "CBM 191 Extra"]
[Source "ChessBase"]
[SourceDate "2019.09.30"]
[SourceVersion "1"]
[SourceVersionDate "2019.09.30"]
[SourceQuality "1"]

1. e4 e5 2. Nf3 Nc6 3. Bb5 a6 4. Ba4 Nf6 5. 0-0 Nxe4 6. d4 b5 7. Bb3 d5 8. dxe5 Be6 9. c3 Be7 10. Nbd2 0-0 11. Bc2 Bf5 12. Nb3 Bg6 13. Be3 Re8 14. Nbd4 Nxd4 15. cxd4 Qd7 16. Qe2 a5 17. a4 c6 18. Rfc1 Reb8 19. Bd3 bxa4 20. Rxa4 c5 21. Rca1 c4 22. Bxe4 Bxe4 23. Rxa5 Rxa5 24. Rxa5 h6 25. Bc1 Qc7 26. Ra2 Qb6 27. Qd1 Qc6 28. Bd2 Bb4 29. Bxb4 Rxb4 30. Nd2 Bg6 31. Qc1 Qb6 32. Qc3 Rb5 33. h3 Bf5 34. Kf1 Bd3+ 35. Kg1 Qg6 36. Ra5 Qb6 37. Rxb5 Qxb5 38. Qa3 Qb6 39. Nf3 Be4 40. Qc3 Bxf3 41. gxf3 Qg6+ 42. Kh2 Qf5 43. Qa3 Qf4+ 44. Kg2 Qxd4 45. Qc3 Qxc3 46. bxc3 d4 47. Kf1 d3 48. f4 g6 49. f3 Kf8 50. Kf2 Ke7 51. Ke3 Ke6 52. Kd2 Kf5 53. Ke3 f6 54. exf6 Kxf6 55. h4 Kf5 0-1